Histoire du drapeau de la Malaisie - Statistiques

Statistiques générales
  • Ce quiz a été pris 47 fois
    34 depuis la dernière actualisation
  • Le résultat moyen est 6 sur 8
Statistiques - réponses
Hint Réponse % Correct
Malaisie (drapeau actuel depuis 1963)
90%
Occupation japonaise pendant la seconde guerre mondiale (1942-1945)
85%
Deuxième drapeau de la compagnie britannique des Indes orientales (1801-1818 et 1824-1896)
80%
Deuxième drapeau de la Malacca néerlandaise (1818-1824)
75%
Premier drapeau de la compagnie britannique des Indes orientales (1795-1801)
65%
Premier drapeau de la Malacca néerlandaise (1641-1795)
65%
États malais fédérés (1896-1942 et 1945-1946) et Union malais (1946-1948)
60%
Fédération de Malaisie (1948-1963)
50%
Aucun quiz correspondant
Distribution des résultats
% des personnes avec chaque résultat
Percentile par nombre de réponses
Votre historique - résultats
Vous n’avez pas pris ce quiz depuis la dernière actualisation